| 000 | 01190nam0a22002651 4500 | ||
|---|---|---|---|
| 001 | rc\3999436 | ||
| 005 | 20130415124158.5 | ||
| 021 |
_aRU _b[55-59501] |
||
| 035 | _a(NLR Aleph) 008072087 | ||
| 090 |
_a9069368 _c9069368 |
||
| 100 | _a20130415d1955 |||y0rusy50 ca | ||
| 101 | 0 | _arus | |
| 102 | _aRU | ||
| 105 | _aa z ||||| | ||
| 200 | 1 |
_aОпыт работы знатного чабана А.И. Чаликова _f[Рассказ ст. чабана колхоза "Красный буденновец", Левокум. района, лауреата Сталинской премии А.И. Чаликова _gЗаписал С.Л. Емельянов |
|
| 210 |
_aМосква _cИзд-во М-ва сельского хозяйства СССР _d1955] |
||
| 215 |
_a1 л., слож. в [6] с. _cил. _d20 |
||
| 606 |
_aОвцы тонкорунные _xУход и содержание _yСтавропольский край _2psbo |
||
| 700 | 1 |
_aЧаликов _bА. И. _gАлександр Игнатьевич |
|
| 702 | 1 |
_aЕмельянов _bС. Л. _4570 |
|
| 801 | 0 |
_aRU _bNLR _gpsbo |
|
| 801 | 1 |
_aRU _bELAR _2rusmarc |
|
| 852 |
_aNLR _jС90 Г-4/3567 |
||
| 942 | _cBOOK | ||
| 980 | _aNB | ||